Detalles MARC
| 000 -LEADER |
| longitud fija campo de control |
01976nam a22006257a 4500 |
| 003 - IDENTIFICADOR DE NUMERO DE CONTROL |
| control del campo |
AR-RoUNA |
| 005 - FECHA DE LA ULTIMA MODIFICACION |
| control del campo |
20251110131424.0 |
| 008 - CAMPO DE CONTROL - LIBROS |
| longitud fija campo de control |
251031b |||||||| |||| 00| 0 spa d |
| 020 ## - INTERNATIONAL STANDARD BOOK NUMBER |
| ISBN |
8437800218 |
| 040 ## - ORIGEN DE LA CATALOGACION |
| Agencia que cataloga la obra original |
AR-RoUNA |
| Idioma en que se cataloga |
spa |
| Entidad que modifico el registro |
AR-RoUNA |
| 041 ## - CODIGO DE IDIOMA |
| Codigo de idioma del texto / sonido o titulo separado |
spa |
| 044 ## - CODIGO DE PAIS / ENTIDAD PRODUCTORA |
| Codigo MARC del pais |
ag |
| 245 10 - TITULO PROPIAMENTE DICHO |
| Titulo |
Toda Cordoba : |
| Subtitulo |
120 fotografias a todo color |
| Numero de la parte / seccion de una obra |
/ v.8 |
| 250 ## - MENCION DE EDICION |
| Edicion declarada |
2a. ed. |
| 260 ## - EDITORIAL - PUBLICACION, DISTRIBUCION, ETC. (Pie de imprenta) |
| Lugar de publicacion, distribucion, etc |
Barcelona : |
| Nombre del editor, distribuidor, etc |
Editorial Escudo de Oro S.A, |
| Fecha de publicacion |
1980 |
| 300 ## - DESCRIPCION FISICA |
| Extension |
95 p.: |
| Otros detalles fisicos |
fot. col., |
| Dimensiones |
24x21 cm |
| 490 ## - MENCION DE SERIE |
| Titulo de la serie |
Toda España |
| Numero del volumen / designacion secuencial |
v. 8 |
| 505 0# - NOTA DE CONTENIDO CON FORMATO |
| Título |
INDICE |
| 505 0# - NOTA DE CONTENIDO CON FORMATO |
| Título |
De la Cordoba Romana al Esplendor del Califato /p.3<br/><br/> |
| 505 0# - NOTA DE CONTENIDO CON FORMATO |
| Título |
La Cordoba Musulmana /p.6 |
| 505 0# - NOTA DE CONTENIDO CON FORMATO |
| Título |
La Mezquita /p.11 |
| 505 0# - NOTA DE CONTENIDO CON FORMATO |
| Título |
La Catedral /p.26 |
| 505 0# - NOTA DE CONTENIDO CON FORMATO |
| Título |
La Murallas /p.29 |
| 505 0# - NOTA DE CONTENIDO CON FORMATO |
| Título |
El Alcazar de los Reyes Cristianos /p.30 |
| 505 0# - NOTA DE CONTENIDO CON FORMATO |
| Título |
La Sinagoga /p.35 |
| 505 0# - NOTA DE CONTENIDO CON FORMATO |
| Título |
La Juderia /p.36 |
| 505 0# - NOTA DE CONTENIDO CON FORMATO |
| Título |
La Ciudad /p.37 |
| 505 0# - NOTA DE CONTENIDO CON FORMATO |
| Título |
Los Patios Cordobeses /p.45 |
| 505 0# - NOTA DE CONTENIDO CON FORMATO |
| Título |
Templos Cristianos /p.56 |
| 505 0# - NOTA DE CONTENIDO CON FORMATO |
| Título |
La Semana Santa /p.60 |
| 505 0# - NOTA DE CONTENIDO CON FORMATO |
| Título |
La Plaza del Potro /p.61 |
| 505 0# - NOTA DE CONTENIDO CON FORMATO |
| Título |
El Museo Provincial de Bellas Artes /p.65 |
| 505 0# - NOTA DE CONTENIDO CON FORMATO |
| Título |
Museo Julio Romero de Torres /p.66 |
| 505 0# - NOTA DE CONTENIDO CON FORMATO |
| Título |
Museo Arqueologico /p.68 |
| 505 0# - NOTA DE CONTENIDO CON FORMATO |
| Título |
Museo Historico de la Ciudad /p.72 |
| 505 0# - NOTA DE CONTENIDO CON FORMATO |
| Título |
Museo Municipal de Arte Cordobes y Taurino /p.75 |
| 505 0# - NOTA DE CONTENIDO CON FORMATO |
| Título |
Cordoba y los Toros /p.78 |
| 505 0# - NOTA DE CONTENIDO CON FORMATO |
| Título |
La Diputacion Provincial /p.79 |
| 505 0# - NOTA DE CONTENIDO CON FORMATO |
| Título |
Folklore Cordobes /p.80 |
| 505 0# - NOTA DE CONTENIDO CON FORMATO |
| Título |
Gastronomia Cordobesa /p.84 |
| 505 0# - NOTA DE CONTENIDO CON FORMATO |
| Título |
Medina Azahara/p.85 |
| 505 0# - NOTA DE CONTENIDO CON FORMATO |
| Título |
La Arruzafa /p.89 |
| 505 0# - NOTA DE CONTENIDO CON FORMATO |
| Título |
La Ermitas /p.91 |
| 505 0# - NOTA DE CONTENIDO CON FORMATO |
| Título |
La Noche Cordobesa /p.92 |
| 650 #4 - MATERIA - TERMINO TEMATICO |
| Término temático general |
Arte |
| 650 #4 - MATERIA - TERMINO TEMATICO |
| Término temático general |
Historia |
| 650 #4 - MATERIA - TERMINO TEMATICO |
| Término temático general |
Mezquita |
| 650 #4 - MATERIA - TERMINO TEMATICO |
| Término temático general |
Patrimonio de la Humanidad |
| 651 #4 - MATERIA - NOMBRE GEOGRAFICO |
| Termino geografico |
Andalucia, España |
| 9 (RLIN) |
4506 |
| 908 ## - SOPORTE |
| Soporte |
Imp |
| 930 ## - ACCESION |
| Numero de accesion (NR) |
12268 |
| 942 ## - FUENTE DE CLASIFICACION |
| Clasificacion |
Dewey Decimal Classification |
| Tipo de item |
Libro |
| 945 ## - INFORMACION DE PROCESAMIENTO |
| Codigo del operador |
MIA |
| Fecha de ingreso o modificacion |
2025-10-31 |
| 980 ## - DECLARACIÓN DE EQUIVALENCIA O SERIE DE REFERENCIA CRUZADA - NOMBRE / TÍTULO PERSONAL [LOCAL, CANADÁ] |
| Código del operador |
1 |
| Nombre del operador |
Maricel Allasia |
| Código del operador que modifico el registro |
5 |
| Nombre del operador que modifico el registro |
María Machado |